Health promotion: (Record no. 2449)
[ view plain ]
| 000 -LEADER | |
|---|---|
| fixed length control field | 00560nam a22002057a 4500 |
| 003 - CONTROL NUMBER IDENTIFIER | |
| control field | OSt |
| 005 - DATE AND TIME OF LATEST TRANSACTION | |
| control field | 20151106135803.0 |
| 008 - FIXED-LENGTH DATA ELEMENTS--GENERAL INFORMATION | |
| fixed length control field | 151106b xxu||||| |||| 00| 0 eng d |
| 020 ## - INTERNATIONAL STANDARD BOOK NUMBER | |
| International Standard Book Number | 9781847874894 |
| 040 ## - CATALOGING SOURCE | |
| Transcribing agency | DNLM |
| 082 ## - DEWEY DECIMAL CLASSIFICATION NUMBER | |
| Classification number | WA525 G721h 2010 |
| 100 ## - MAIN ENTRY--PERSONAL NAME | |
| Personal name | Green, Jackie; Tones, Keith |
| 9 (RLIN) | 6021 |
| 245 ## - TITLE STATEMENT | |
| Title | Health promotion: |
| Remainder of title | planning and strategies |
| 250 ## - EDITION STATEMENT | |
| Edition statement | 2nd ed. |
| 260 ## - PUBLICATION, DISTRIBUTION, ETC. (IMPRINT) | |
| Place of publication, distribution, etc. | Los Angeles; |
| Name of publisher, distributor, etc. | Sage, |
| Date of publication, distribution, etc. | 2010 |
| 300 ## - PHYSICAL DESCRIPTION | |
| Extent | xvi,576p; |
| Other physical details | ill: 24cm |
| 504 ## - BIBLIOGRAPHY, ETC. NOTE | |
| Bibliography, etc | Bibliography, & index included |
| 650 ## - SUBJECT ADDED ENTRY--TOPICAL TERM | |
| Topical term or geographic name as entry element | Health promotion |
| 9 (RLIN) | 2077 |
| 942 ## - ADDED ENTRY ELEMENTS (KOHA) | |
| Source of classification or shelving scheme | Other/Generic Classification Scheme |
| Koha item type | Open Shelf |
| Withdrawn status | Lost status | Source of classification or shelving scheme | Damaged status | Not for loan | Home library | Current library | Date acquired | Source of acquisition | Inventory number | Total Checkouts | Full call number | Barcode | Date last seen | Koha item type | Price effective from |
|---|---|---|---|---|---|---|---|---|---|---|---|---|---|---|---|
| Other/Generic Classification Scheme | MUST Main Library | MUST Main Library | 06/11/2015 | 14/38594 | WA525 G721h 2010 | 2015-2469 | 06/11/2015 | Open Shelf | |||||||
| Other/Generic Classification Scheme | MUST Main Library | MUST Main Library | 01/07/2016 | 2011/35092 | WA525 G721h 2010 | 2016-2950 | 01/07/2016 | Open Shelf | 01/07/2016 |
